000 01678ngm a22003730a 4500
001 PT58246
003 AR-LpoUNG
005 20210202000122.0
007 vd cvaizq
008 191001s2004||||ag |||||||||||||||||eng d
037 _c$5
040 _aAR-LpoUNG
_bspa
_cAR-LpoUNG
_eaacr
041 _aeng
044 _aag
082 0 _a305.235 263reb
100 1 _aRay, Nicholas
_edir.
245 1 0 _aRebelde sin causa
260 _aSan Luis :
_bAVH,
_c2004.
300 _aDVD (111 min.) : son., col.
505 0 _aHecha en 1955 en Estados Unidos. Guión: Stewart Stern, Irving Shulman. Música: Leonard Rosenman. Fotografía: Ernest Haller. Productora: Warner Bros. Pictures. Reparto: James Dean, Natalie Wood, Sal Mineo, Jim Backus. Subtítulos en inglés, portugués y castellano. Música remasterizada en Dolby Digital. Acceso a escenas. ATP.
520 _aTres jóvenes, Jim Stark, Judy y Platón, coinciden en una comisaría. Cada uno está allí por un motivo distinto: Jim está borracho, Judy se ha escapado de su casa y Platón acababa de matar a tiros a unos cachorros. El inspector Ray descubre que los tres mantienen una relación conflictiva con sus familias. A Jim y a Judy los van a recoger sus padres, pero Platón, hijo de una pareja divorciada, tiene que conformarse con la visita de la criada negra que vive con él.
650 4 _aADOLESCENCIA
650 4 _aASPECTOS SOCIALES
650 4 _aDESCONTENTO DE LOS JOVENES
650 4 _aESTADOS UNIDOS
650 4 _aJOVENES
650 4 _aRELACIONES HUMANAS
653 _aCINE ESTADOUNIDENSE
653 _aDVD
653 _aMELODRAMA
653 _aVIDEOS
905 _a58246
942 _cDVD
999 _c54154
_d54154